Autostrade e Province attraversate - Quiz n°5 - Statistics

Statistiche generali
  • Questo quiz è stato fatto 29 volte
  • Il punteggio medio è 19 su 30
Statistiche sulle risposte
Domanda Casella Select % Corretto
A20 Messina-Palermo Agrigento No
100%
A20 Messina-Palermo Catania No
100%
A20 Messina-Palermo Messina
100%
A20 Messina-Palermo Palermo
100%
A20 Messina-Palermo Trapani No
100%
A20 Messina-Palermo Enna No
81%
A2 Autostrada del Mediterraneo Salerno
81%
A2 Autostrada del Mediterraneo Cosenza
77%
A2 Autostrada del Mediterraneo Matera No
77%
A2 Autostrada del Mediterraneo Reggio Calabria
77%
A15 Autostrada della Cisa La Spezia
73%
A2 Autostrada del Mediterraneo Crotone No
65%
A15 Autostrada della Cisa Piacenza No
65%
A2 Autostrada del Mediterraneo Potenza
65%
A26 Autostrada dei Trafori Asti No
58%
A15 Autostrada della Cisa Genova No
58%
A15 Autostrada della Cisa Massa-Carrara
58%
A23 Alpe-Adria Rovigo No
58%
A15 Autostrada della Cisa Lucca No
54%
A23 Alpe-Adria Trieste No
54%
A23 Alpe-Adria Udine
54%
A23 Alpe-Adria Gorizia No
50%
A15 Autostrada della Cisa Parma
50%
A26 Autostrada dei Trafori Aosta No
46%
A23 Alpe-Adria Pordenone No
46%
A26 Autostrada dei Trafori Genova
42%
A23 Alpe-Adria Belluno No
38%
A26 Autostrada dei Trafori Alessandria
35%
A26 Autostrada dei Trafori Torino No
35%
A26 Autostrada dei Trafori Novara
23%
Nessun quiz corrispondente trovato
Distribuzione punteggi
Percentuale di utenti per punteggio
Percentile per numero di risposta
I tuoi punteggi nel tempo
Non hai fatto questo quiz